000 00801cam a2200241I 4500
999 _c1778
_d1778
001 17600222
003 OSt
005 20180920180603.0
008 880309s1988 onca 000 0 eng d
020 _a0553272799 (pbk.)
040 _aEZH
_cEZH
_dTDS
_dDAY
082 _a362.29
_bK9295A
100 1 _aKritsberg, Wayne,
_d1942-
245 1 4 _aThe adult children of alcoholics syndrome :
_bfrom discovery to recovery /
_cby Wayne Kritsberg
260 _aToronto ;
_aNew York, N.Y. :
_bBantam Books,
_c1988
300 _axii, 158 p. :
_bill. ;
_c18 cm
650 0 _aChildren of alcoholics
_xPsychological aspects
650 0 _aAlcoholics
_xFamily relationships
650 0 _aAdult children
_xFamily relationships
650 4 _aSelf-help and empowerment
650 4 _aEmotional health
942 _2ddc
_cBK